| 000 | 00536nam a2200193Ia 4500 | ||
|---|---|---|---|
| 005 | 20240823032724.0 | ||
| 008 | 240823s9999||||xx |||||||||||||| ||und|| | ||
| 020 | _a978-0387-25566-8 | ||
| 041 | _aENGLISH | ||
| 082 | _A660.6 P6 | ||
| 100 | _a"Ferrari,Mauro Ed." | ||
| 245 | 0 | _a"BioMEMS and Biomedical Nanotechnology Vol IV: Biomolecular Sensing, Processing and Analysis" | |
| 250 | _a1st | ||
| 260 |
_c2006 _b"Springar,Canada" |
||
| 500 | _aTRANSFERED | ||
| 650 |
_aBioMEMS _bBio Medical Engg. |
||
| 942 | _cBK | ||
| 999 |
_c194101 _d194101 |
||